[Event "MCR mladeze, Kouty 2018 - H16"]
[Site "Kouty nad Desnou"]
[Date "2018.03.12"]
[Round "3"]
[White "Bulockin, Martin"]
[Black "Ocko, Dominik"]
[Result "1-0"]
[WhiteElo "2099"]
[BlackElo "1979"]
[EventDate "2018.03.10"]

1. e4  e6  2. d4  d5
3. Nd2  c5  4. exd5
Qxd5  5. Ngf3  cxd4
6. Bc4  Qd7  7. O-O
Nc6  8. Nb3  Nf6
9. Nbxd4  Nxd4  10. Nxd4
a6  11. c3  Bc5
12. Bg5  Bxd4  13. cxd4  Ne4
14. Bf4  b5  15. Be2
Bb7  16. Rc1  Nd6
17. Bf3  Bxf3  18. Qxf3
O-O  19. d5  Rac8
20. Rcd1  Nf5  21. Rfe1
exd5  22. Rxd5  Rfe8
23. Red1  Qe6  24. g3
g6  25. Qd3  Qe2
26. Qxe2  Rxe2  27. Be5
f6  28. Bxf6  Rcc2
29. Bg5  Rxf2  30. R5d2
Rfxd2  31. Rxd2  Rxd2
32. Bxd2  Kf7  33. Kf2
Ke6  34. Kf3  Kd5
35. Kg4  h6  36. Kf4
Nd4  37. Ke3  Nf5+
38. Kd3  h5  39. Bc3
g5  40. Bf6  g4
41. a3  Ke6  42. Bg5  Ke5
43. Bd2  Kd5  44. Bc3
h4  45. gxh4  Nxh4
46. Ke3  Nf3  47. h3
Nh2  48. h4  g3
49. Be1  g2  50. Bf2  Ng4+
51. Kf3  Nf6  52. Kxg2
Ke4  53. Kg3  a5
54. Be1  a4  55. Bc3
Ng8  56. Kg4  Nh6+
57. Kg5  Ng8  58. h5
Kd3  59. Bb4  1-0

[Event "MCR mladeze, Kouty 2018 - H16"]
[Site "Kouty nad Desnou"]
[Date "2018.03.12"]
[Round "3"]
[White "Smid, Pavel"]
[Black "Dolansky, Lukas"]
[Result "0-1"]
[WhiteElo "1870"]
[BlackElo "2074"]
[EventDate "2018.03.10"]

1. e4  e5  2. Nf3  Nc6
3. Bc4  Bc5  4. c3
Nf6  5. d3  O-O
6. Bb3  d5  7. Qe2  Bg4
8. Bg5  d4  9. h3
Bxf3  10. Qxf3  Be7
11. Bh4  Nd7  12. Bg3
Nc5  13. Bc2  dxc3
14. bxc3  Qd7  15. O-O
b5  16. Nd2  b4
17. Nc4  Bf6  18. cxb4  Nxb4
19. Rfc1  Qd4  20. Ne3
Nxc2  21. Nxc2  Qxd3
22. Ne3  Nxe4  23. Rd1
Nd2  24. Qb7  Rfd8
25. Rac1  Qe2  26. Rc2
Rab8  27. Qxc7  Ra8
28. Rb2  Nf3+  29. gxf3
Rxd1+  30. Nxd1  Qxd1+
31. Kg2  Qd8  32. Qb7
e4  33. Bb8  exf3+
34. Kxf3  Bxb2  35. Qxa8
Be5  36. Qxa7  Bxb8
37. Qb7  g6  38. a4
Be5  39. Qb5  Bc7
40. Kg2  h6  41. Kf1
Qd4  42. Qc6  Bb6
43. Qc2  Kg7  44. Kg2
Qd5+  45. Kg1  Bd4
46. Qe2  Kf6  47. Qc2
Qf3  48. a5  Qg3+
49. Kf1  Qxh3+  50. Kg1
Qc3 0-1

[Event "MCR mladeze, Kouty 2018 - H16"]
[Site "Kouty nad Desnou"]
[Date "2018.03.12"]
[Round "3"]
[White "Gloser, David"]
[Black "Travnicek, Krystof Mikulas"]
[Result "1-0"]
[WhiteElo "2067"]
[BlackElo "1859"]
[EventDate "2018.03.10"]

1. e4  e6  2. d4  d5
3. e5  c5  4. c3
Nc6  5. Nf3  Qb6
6. a3  c4  7. g3
Na5  8. Nbd2  Be7
9. h4  Bd7  10. Bh3
O-O-O  11. O-O  Nh6
12. Ne1  Nf5  13. Ng2
h5  14. Rb1  g6
15. Nf3  Nb3  16. Bg5  Rde8
17. Nf4  Nh6  18. Qe2
Bxg5  19. Nxg5  Qa5
20. Rfe1  Re7  21. Qe3
Qb5  22. Re2  Qc6
23. Rbe1  Ree8  24. Qf3
b5  25. Ng2  Ref8
26. Ne3  a5  27. Nc2
Nf5  28. Bxf5  gxf5
29. Ne3  Rh6  30. Qf4
Rg6  31. Nh7  Rh8
32. Nf6  Rgh6  33. Qf3
b4  34. axb4 axb4  35. Ng2
bxc3  36. bxc3  Kc7
37. Nf4  1-0

[Event "MCR mladeze, Kouty 2018 - H16"]
[Site "Kouty nad Desnou"]
[Date "2018.03.12"]
[Round "3"]
[White "Nehyba, Martin"]
[Black "Demko, Robert"]
[Result "1-0"]
[WhiteElo "2112"]
[BlackElo "1853"]
[EventDate "2018.03.10"]

1. e4  c5  2. Nf3  d6
3. d4  cxd4  4. Nxd4
Nf6  5. Nc3  a6
6. Bg5  Nbd7  7. f4  Qc7
8. Qf3  h6  9. Bh4
g5  10. fxg5  hxg5
11. Bxg5  Qc5  12. Be3
Ne5  13. Qe2  Neg4
14. Bg1  Qg5  15. Nf3
Qh6  16. g3  Bd7
17. Bg2  Rc8  18. Bd4
Bg7  19. h3  Ne5
20. Nxe5  dxe5  21. Be3
Qg6  22. g4  Rxc3
23. bxc3  Nxe4  24. Qd3
Bc6  25. Rb1  O-O
26. O-O  e6  27. Rb6
f5  28. Rxc6  bxc6
29. Bxe4  fxe4  30. Rxf8+
Bxf8  31. Qxa6  Bh6
32. Qc8+  Kf7  33. Qd7+
Kg8  34. Qd8+  Kf7
35. Qc7+  Kg8  36. Qb8+
Kf7  37. Qc7+  Kg8
38. Qc8+  Kf7  39. Qd7+
Kg8  40. Qd2  Bf8
41. Qd8  Kf7  42. Qg5
Qh7  43. Qh5+  Qxh5
44. gxh5  Ba3  45. Kf2
Kf6  46. Ke2  Bb2
47. Kd2  Ba3  48. c4
Bb4+  49. c3  Ba5
50. c5  Kg7  51. a4
Kh7  52. Kc2  Kg7
53. Bd2  Kf6  54. c4
Bc7  55. a5  Bb8
56. Be3  Ba7  57. a6
Kg7  58. Kd2  Kf6
59. Ke2  Kg7  60. Bg5
Kf7  61. Be3  Kg7
62. Kf2  Kf7  63. Kg3
Kf6  64. Kg4  Kf7
65. Kg5  Bb8  66. h6
Ba7  67. h4  Bb8
68. h5  Ba7  69. h7
Kg7  70. h8=Q+  Kxh8
71. Kf6  Kg8  72. Kg6
Bb8  73. h6  Kh8
74. h7  Bc7  75. Bh6
e3  76. Bg7#  1-0

[Event "MCR mladeze, Kouty 2018 - H16"]
[Site "Kouty nad Desnou"]
[Date "2018.03.12"]
[Round "3"]
[White "Nagy, Ladislav"]
[Black "Vraj, Ondrej"]
[Result "1-0"]
[WhiteElo "1956"]
[BlackElo "1855"]
[EventDate "2018.03.10"]

1. e4  c6  2. Nc3  d5
3. Nf3  Bg4  4. h3
Bh5  5. d4  e6
6. Bd3  Nf6  7. Bg5  Be7
8. e5  Nfd7  9. Bxe7
Qxe7  10. Qd2  a6
11. g4  Bg6  12. b4
Nb6  13. Rb1  Bxd3
14. cxd3  N8d7  15. a4
O-O  16. a5  Nc8
17. g5  Na7  18. h4
Rfc8  19. Ke2  Nb5
20. h5  Rf8  21. Rh2
g6  22. Rh3  Rfc8
23. Nd1  Nc7  24. Ne3
Ne8  25. Ng4  Nf8
26. Nf6+  Nxf6  27. gxf6
Qd8  28. Qh6  1-0

[Event "MCR mladeze, Kouty 2018 - H16"]
[Site "Kouty nad Desnou"]
[Date "2018.03.12"]
[Round "3"]
[White "Mladek, Richard"]
[Black "Broz, Petr"]
[Result "1-0"]
[WhiteElo "2134"]
[BlackElo "1746"]
[EventDate "2018.03.10"]

1. Nf3  e6  2. g3  b6
3. Bg2  Bb7  4. O-O
Nf6  5. c4  c5
6. Nc3  d5  7. cxd5  exd5
8. d4  Nc6  9. Bg5
cxd4  10. Nxd4  Nxd4
11. Qxd4  Bc5  12. Qe5+
Be7  13. Bxf6  gxf6
14. Qh5  Qd7  15. Rfd1
Rd8  16. Nxd5  Bxd5
17. Bxd5  Bd6  18. Rac1
Qe7  19. Rc4  Qf8
20. Bc6+  Ke7  21. Re4+
Be5  22. Rxe5+  1-0

[Event "MCR mladeze, Kouty 2018 - H16"]
[Site "Kouty nad Desnou"]
[Date "2018.03.12"]
[Round "3"]
[White "Kopec, Ladislav"]
[Black "Khadash, Kamil"]
[Result "1-0"]
[WhiteElo "1780"]
[BlackElo "1685"]
[EventDate "2018.03.10"]

1. e4  c6  2. Nc3  d5
3. Nf3  Bg4  4. h3
Bh5  5. d3  e6
6. g4  Bg6  7. Qe2  Bb4
8. Bd2  Ne7  9. Bg2
Na6  10. a3  Ba5
11. O-O  O-O  12. Kh1
h6  13. Rae1  Rc8
14. h4  d4  15. Nb1
Bc7  16. h5  Bh7
17. g5  hxg5  18. Bxg5
f6 19. Bh4  c5  20. Bh3
Qd7  21. Rg1  Bf4
22. Rg4  Bh6  23. Reg1
Rf7  24. Qf1  Kh8
25. Qg2  Nc6  26. Nbd2
b5  27. e5  f5
28. Rg6  Bxg6  29. hxg6  Rff8
30. Bg5  Rc7  31. Qg3
Kg8  32. Qh4  Qd5
33. Bg2  Qd7  34. Bf4
Ne7  35. Bh3  Nd5
36. Bg5  Nb8  37. Nf1
a5  38. Ng3  Ne7
39. Qh5  Nd5  40. Rg2
Nc6  41. Ne2  Rb7
42. Nf4  Nxf4  43. Bxf4
a4  44. Rh2  b4
45. Bf1  bxa3  46. bxa3  Rfb8
47. Ng5  Qd5+  48. Nf3
Kf8  49. Bxh6  gxh6
50. Qxh6+  Rg7  51. Qh8+
Rg8  52. Qf6+  Ke8
53. Qf7+  Kd8  54. Qxg8+
Kc7  55. Qg7+  Kb6
56. Bg2  Ka6  57. Rh8
Rb1+  58. Ng1 1-0

[Event "MCR mladeze, Kouty 2018 - H16"]
[Site "Kouty nad Desnou"]
[Date "2018.03.12"]
[Round "4"]
[White "Skalsky, Alexandr"]
[Black "Sprenar, Petr"]
[Result "1-0"]
[WhiteElo "2109"]
[BlackElo "2191"]
[EventDate "2018.03.10"]

1. e4  e6  2. d4  d5
3. e5  c5  4. c3
Nc6  5. Nf3  Bd7
6. Be2  Nge7  7. Nbd2
Ng6  8. g3  Be7
9. h4  cxd4  10. cxd4  O-O
11. O-O  Qb6  12. Nb3
a5  13. Bg5  f6
14. exf6  gxf6  15. Bh6  Rfc8
16. Bd3  a4  17. h5
Nh8  18. Qc2  f5
19. Nc5  Be8  20. Bxf5
exf5  21. Qxf5  Nxd4
22. Qg4+  Ng6  23. Qxd4
Bf6  24. Qxd5+  Bf7
25. Nd7  Bxd5  26. Nxb6
Bxf3  27. Nxc8  Rxc8
28. hxg6  Rc5  29. Rfc1
Rxc1+  30. Rxc1  Bc6
31. b3  axb3  32. axb3
hxg6  33. Be3  Kf7
34. Rd1  Ke6  35. f4
Bd5  36. b4  Bc6
37. Kf2  Kf5  38. b5
Be4  39. Rd7  Ke6
40. Rd2  Kf5  41. Bc5
Bh1  42. Rd1  Be4
43. Ke3  Bg2  44. Rg1
Bh3  45. Bb6  Be7
46. Kf2  Bg4  47. Re1
Kf6  48. Bd4+  Kf7
49. Rc1  Bd8  50. Rh1
Be7  51. Rh7+  Kf8
52. Rh8+  1-0

[Event "MCR mladeze, Kouty 2018 - H16"]
[Site "Kouty nad Desnou"]
[Date "2018.03.12"]
[Round "4"]
[White "Riha, Vojtech"]
[Black "Vorisek, Jakub"]
[Result "1/2-1/2"]
[WhiteElo "2097"]
[BlackElo "2083"]
[EventDate "2018.03.10"]

1. e4 c5 2. b4 cxb4 3. a3 d5 4. exd5 Qxd5 5. Nf3 e5 6. c4 Qe6 7. Bd3 Nc6 8. O-O
Bc5 9. Re1 Nge7 10. Bb2 f6 11. Bf1 Qd6 12. axb4 Bxb4 13. c5 Qxc5 14. Na3 O-O 15.
Nc2 Ba5 16. Ba3 Qb6 17. Ne3 Qc7 18. Nc4 b6 19. Rc1 Qd8 20. Nxa5 Nxa5 21. d4 Re8
22. Bd3 Bg4 23. dxe5 fxe5 24. Rxe5 Nec6 25. Rxe8+ Qxe8 26. Bxh7+ Kh8 27. Bb1 Qh5
28. Rc3 Re8 29. h3 Bf5 30. g4 Bxg4 31. hxg4 Qxg4+ 32. Kh2 Qf4+ 33. Kg2 Qg4+ 34.
Kh2 Qf4+ 35. Kg2 Qg4+ 1/2-1/2

[Event "MCR mladeze, Kouty 2018 - H16"]
[Site "Kouty nad Desnou"]
[Date "2018.03.12"]
[Round "4"]
[White "Svanda, Ondrej"]
[Black "Stinka, Jakub"]
[Result "0-1"]
[WhiteElo "2057"]
[BlackElo "2137"]
[EventDate "2018.03.10"]

1. e4  c5  2. Nf3  d6
3. d4  cxd4  4. Nxd4
Nf6  5. Nc3  Nc6
6. Be2  e6  7. O-O
Be7  8. Be3  O-O
9. f4  a6  10. Kh1
Nxd4  11. Bxd4  b5
12. a3  Bb7  13. Bf3
Qc7  14. Qe1  Nd7
15. Rd1  e5  16. Be3
exf4  17. Bxf4  Ne5
18. Be2  Bf6  19. Qg3
Rac8  20. Bxb5  axb5
21. Nxb5  Qe7  22. Nxd6
Ng6  23. Nxc8  Rxc8
24. c3  Qxe4  25. Rd2
Re8  26. Bg5  Be5
27. Qf2  f6  28. Re1
Qg4  29. Be3  Nh4
30. Rg1  Nf5  0-1

[Event "MCR mladeze, Kouty 2018 - H16"]
[Site "Kouty nad Desnou"]
[Date "2018.03.12"]
[Round "4"]
[White "Ludvik, Tomas"]
[Black "Gloser, David"]
[Result "1/2-1/2"]
[WhiteElo "2115"]
[BlackElo "2067"]
[EventDate "2018.03.10"]

1. d4  g6  2. c4  Bg7
3. Nc3  c5  4. d5
Bxc3+  5. bxc3  f5
6. Qc2  Nf6  7. f3
Qa5  8. Bd2  d6
9. e4  Nbd7  10. Bd3  Ne5
11. Bf4  Nxd3+  12. Qxd3
fxe4  13. fxe4  Nxe4
14. Ne2  Bf5  15. Qe3
h5  16. O-O  O-O-O
17. Rfc1  Qa4  18. Ng3
Nxg3  19. hxg3  Qxc4
20. Qxe7  Qxd5  21. Rd1
Qc6  22. Rxd6  Rxd6
23. Bxd6  Re8  24. Qf6
Re2  25. Qf8+  Kd7
26. Qf7+  Kc8  27. Qf8+
Qe8  28. Qxe8+  Rxe8
29. Bxc5  b6  30. Bf2
Re2  31. a4  Rc2
32. a5  bxa5  33. Rxa5
Rxc3  34. Rxa7  1/2-1/2

[Event "MCR mladeze, Kouty 2018 - H16"]
[Site "Kouty nad Desnou"]
[Date "2018.03.12"]
[Round "4"]
[White "Dolansky, Lukas"]
[Black "Bulockin, Martin"]
[Result "1/2-1/2"]
[WhiteElo "2074"]
[BlackElo "2099"]
[EventDate "2018.03.10"]

1. c4  g6  2. Nc3  c5
3. g3  Bg7  4. Bg2
Nc6  5. e3  e6
6. Nge2  Nge7  7. O-O  O-O
8. d4  cxd4  9. exd4
d5  10. cxd5  Nxd5
11. Nxd5  exd5  12. Be3
Be6  13. Qd2  Rc8
14. Rac1  Qb6  15. Rc5
Rfd8  16. Rfc1  Ne7
17. Nf4  Rxc5  18. Rxc5
Bf8  19. Nxe6  fxe6
20. Rc1  Rc8  21. Rxc8
Nxc8  22. Bh3  Ne7
23. Qc3  Kf7  1/2-1/2

[Event "MCR mladeze, Kouty 2018 - H16"]
[Site "Kouty nad Desnou"]
[Date "2018.03.12"]
[Round "4"]
[White "Zvolensky, David"]
[Black "Nehyba, Martin"]
[Result "1/2-1/2"]
[WhiteElo "1928"]
[BlackElo "2112"]
[EventDate "2018.03.10"]

1. d4  f5  2. Nc3  Nf6
3. Bg5  e6  4. e3
Be7  5. Bxf6  Bxf6
6. Bd3  O-O  7. Nge2
Nc6  8. a3  d6
9. Qd2  a6  10. O-O-O  b5
11. Nf4  e5  12. dxe5
dxe5  13. Nfd5  e4
14. Be2  Be6  15. Nf4
Qxd2+  16. Rxd2  Bxc3
17. bxc3  Kf7  18. f3
Rad8  19. Rxd8  Rxd8
20. fxe4  fxe4  21. Rf1
1/2-1/2

[Event "MCR mladeze, Kouty 2018 - H16"]
[Site "Kouty nad Desnou"]
[Date "2018.03.12"]
[Round "4"]
[White "Nagy, Ladislav"]
[Black "Szotkowski, David"]
[Result "1/2-1/2"]
[WhiteElo "1956"]
[BlackElo "1898"]
[EventDate "2018.03.10"]

1. Nf3  Nf6  2. g3  c5
3. Bg2  g6  4. O-O
Bg7  5. c4  O-O
6. Nc3  d5  7. cxd5  Nxd5
8. Nxd5  Qxd5  9. d3
Nc6  10. Bf4  Bxb2
11. Rb1  Bg7  12. Ne5
Qxa2  13. Nxc6  bxc6
14. Rc1  Be6  15. Rxc5
Bd5  16. Qc2  Qxc2
17. Rxc2  Bxg2  18. Kxg2
a5  19. Ra2  a4
20. Rc1  Ra6  21. Rc4  a3
22. Bc1  Rfa8  23. f4
f5  24. Rb4  e5
25. Rb3  exf4  26. gxf4  Bf8
27. Rb7  R8a7  28. Rb3
Kf7  29. Be3  Ra8
30. Kf3  Ke6  31. Rb7
h6  32. h3  Be7
33. Bd2  g5  34. Be3  Rg8
35. fxg5  hxg5  36. Bd2
g4+  37. hxg4  fxg4+
38. Kg2  Bd6  39. Bb4
Bxb4  40. Rxb4  Kd5
41. Kg3  c5  42. Rb3
1/2-1/2

[Event "MCR mladeze, Kouty 2018 - H16"]
[Site "Kouty nad Desnou"]
[Date "2018.03.12"]
[Round "4"]
[White "Travnicek, Krystof Mikulas"]
[Black "Mladek, Richard"]
[Result "0-1"]
[WhiteElo "1859"]
[BlackElo "2134"]
[EventDate "2018.03.10"]

1. Nf3  Nf6  2. c4  g6
3. g3  Bg7  4. Bg2
O-O  5. d4  d6
6. O-O  Nc6  7. Nc3  a6
8. e4  Bg4  9. Be3
Rb8  10. a4  Nd7
11. h3  Bxf3  12. Bxf3
e5  13. d5  Nd4
14. Bg2  c5  15. f4  Bh6
16. Ra3  Qb6  17. b3
Qb4  18. Nb1  Qa5
19. Bd2  Qd8  20. fxe5
Bxd2  21. Nxd2  Nxe5
22. Nf3  Ndxf3+  23. Bxf3
b5  24. axb5  axb5
25. Qc2  Qg5  26. Kg2
bxc4  27. bxc4  Rb4
28. Ra4  Nxc4  29. Qxc4
Rxc4  30. Rxc4  Ra8
31. Rf2  Ra1  32. Re2
Qe5  33. Kf2  h5
34. Kg2  Ra3  35. Rcc2
Qf6  36. Rf2  h4
0-1

[Event "MCR mladeze, Kouty 2018 - H16"]
[Site "Kouty nad Desnou"]
[Date "2018.03.12"]
[Round "4"]
[White "Ocko, Dominik"]
[Black "Smid, Pavel"]
[Result "1/2-1/2"]
[WhiteElo "1979"]
[BlackElo "1870"]
[EventDate "2018.03.10"]

1. Nf3  e6  2. e3  f5
3. b3  Nf6  4. Bb2
b6  5. c4  Bb7
6. Nc3  Be7  7. d4  c6
8. Bd3  O-O  9. Qe2
d5  10. O-O  Ne4
11. Ne5  Nd7  12. Nxd7
Nxc3  13. Bxc3  Qxd7
14. f3  Bf6  15. f4
Rad8  16. Rac1  g6
17. Bb4  Rf7  18. c5
Be7  19. Qd2  Ra8
20. a4  a5  21. Ba3
Ba6  22. Rc3  Qb7
23. Bxa6  Rxa6  24. Qa2
b5  25. Bc1  Ra8
26. Rf2  g5  27. g3
g4  28. axb5  Qxb5
29. Qa4  Rb8  30. Ra2
Bd8  31. Kf2  h5
32. Bd2  Qb7  33. Rc1
Qxb3  34. Qxb3  Rxb3
35. Bxa5  Bxa5  36. Rxa5
Rb2+  37. Kg1  Kg7
38. Rca1  Kf6  39. Ra7
Re2  40. Rxf7+  Kxf7
41. Ra7+  Kf6  42. Ra3
Ke7  43. Ra7+  Kd8
44. Ra8+  Kc7  45. Ra3 1/2-1/2

[Event "MCR mladeze, Kouty 2018 - H16"]
[Site "Kouty nad Desnou"]
[Date "2018.03.12"]
[Round "4"]
[White "Kopec, Ladislav"]
[Black "Nemec, David"]
[Result "0-1"]
[WhiteElo "1780"]
[BlackElo "1902"]
[EventDate "2018.03.10"]

1. e4  c5  2. Nf3  Nc6
3. d4  cxd4  4. Nxd4
g6  5. Be3  Bg7
6. Nc3  Nf6  7. Bc4  O-O
8. Bb3  d6  9. f3
Qc7  10. Qd2  Rd8
11. O-O-O  Bd7  12. Kb1
Nxd4  13. Bxd4  Bc6
14. g4  b5  15. h4
a5  16. Nd5  Bxd5
17. Bxd5  Rab8  18. a3 b4
19. a4  Nxd5  20. exd5
b3  21. c3  f6
22. Bf2  Qd7  23. Qf4  f5
24. gxf5  Rf8  25. Qe4
Qxf5  26. Bd4  Bxd4
27. Rxd4  Qxf3  28. Qe1
Qf2  29. Qe6+  Kh8
30. Rc1  Qh2  31. Ka1
Qc2  32. Rdd1  Qh2
33. Qxe7  Rbe8  34. Qb7
Rb8  35. Qe7  Qf4
36. Qd7  Rfd8  37. Qc6
Rb6  38. Rf1  Qxh4
39. Rh1  Qxh1  40. Rxh1
Rxc6  41. dxc6  Rc8
42. Re1  Rxc6  43. Re8+
Kg7  44. Rb8  Rc4
45. Rxb3  Rxa4+  46. Kb1
h5  47. Rb6  h4
48. Rxd6  h3  49. Rd2  Rh4
50. Rh2  g5  51. c4
g4  52. c5  g3
53. Rh1  g2  54. Rg1  Rc4
0-1

[Event "MCR mladeze, Kouty 2018 - H16"]
[Site "Kouty nad Desnou"]
[Date "2018.03.12"]
[Round "4"]
[White "Demko, Robert"]
[Black "Vraj, Ondrej"]
[Result "1/2-1/2"]
[WhiteElo "1853"]
[BlackElo "1855"]
[EventDate "2018.03.10"]

1. d4  d5  2. c4  e6
3. Nf3  Nf6  4. g3
Be7  5. Bg2  O-O
6. O-O  Nbd7  7. Nc3
c6  8. Bf4  Re8
9. c5  Nh5  10. b4  Nxf4
11. gxf4  Qc7  12. e3
f6  13. Bh3  Nf8
14. a4  b6  15. cxb6
axb6  16. Qb3  Qd6
17. b5  c5  18. dxc5
Qxc5  19. Nd4  Bd7
20. Rfc1  Qb4  21. Qxb4
Bxb4  22. Nc6  Bxc3
23. Rxc3  Kf7  24. Nd4
Rec8  25. Rxc8  Rxc8
26. a5  bxa5  27. Rxa5
Rc1+  28. Kg2  Rb1
29. Ra7  f5  30. Rb7
Kf6  31. b6  g5
32. fxg5+  Kxg5  33. f4+  Kf6
34. Kf2  Rb2+  35. Kf3
Ba4  36. Rb8  Nd7
37. Rh8  Kg7  38. Ra8
Nxb6  39. Ra7+  Kf6
40. Rxh7  Rxh2  41. Kg3
Rd2  42. Rh6+  Kf7
43. Rxe6  Rxd4  44. Rxb6
Rd3  45. Kf2  d4
46. Bxf5  dxe3+  47. Ke2
Ra3  48. Bd3  Bd1+
49. Kxe3  Bc2  50. Rd6
Rxd3+  51. Rxd3  Bxd3
52. Kxd3  Kf6  53. Ke3
Kf5  54. Kf3  Kf6
55. Kg4  Kg6  56. f5+
Kf6  57. Kf4  Kf7
58. Kg5  Kg7  59. f6+
Kf7  60. Kf5  Kf8
61. Ke5  Kf7  1/2-1/2

[Event "MCR mladeze, Kouty 2018 - H16"]
[Site "Kouty nad Desnou"]
[Date "2018.03.12"]
[Round "4"]
[White "Khadash, Kamil"]
[Black "Broz, Petr"]
[Result "1-0"]
[WhiteElo "1685"]
[BlackElo "1746"]
[EventDate "2018.03.10"]

1. b3  e5  2. Bb2  Nc6
3. e3  d5  4. Bb5
Bd6  5. Nf3  Qe7
6. d3  Nf6  7. c4
Bb4+  8. Nbd2  Bg4
9. a3  Bxd2+  10. Qxd2
Bxf3  11. gxf3  d4
12. O-O-O  O-O  13. Bxc6
bxc6  14. f4  c5
15. Rde1  Rab8  16. fxe5
Rxb3  17. exf6  Qxf6
18. Qd1  Rfb8  19. Re2
Qa6  20. exd4  Qh6+
21. Kb1  Qb6  22. Qc2
Qc6  23. d5  Rxb2+
24. Qxb2  Rxb2+  25. Rxb2
Qe8  26. Rb7  g6
27. Rb2  Qe5  28. Ka2
Qf5  29. Rd1  Qh5
30. Rdd2  Qxh2  31. d4
Qf4  32. Rbc2  cxd4
33. c5  Qe5  34. d6
Qd5+  35. Kb2  c6
36. Rd3  Kf8  37. Rcd2
Qxc5  38. Rxd4  Ke8
39. d7+  Kd8  40. Re4
Qb5+  41. Ka2  Qd5+
42. Rxd5  cxd5  43. Rd4
Kxd7  44. Rxd5+  Ke6
45. Rd3  h5  46. Kb2
h4  47. Kc2  g5
48. Kd2  g4  49. Ke2  Kf5
50. Kf1  Ke4  51. Rb3
f5  52. Kg2  Kf4
53. Rb4+  Kg5  54. f4+
1-0

[Event "MCR mladeze, Kouty 2018 - H16"]
[Site "Kouty nad Desnou"]
[Date "2018.03.13"]
[Round "5"]
[White "Stinka, Jakub"]
[Black "Skalsky, Alexandr"]
[Result "0-1"]
[WhiteElo "2137"]
[BlackElo "2109"]
[EventDate "2018.03.10"]

1. e4  c5  2. Nf3  Nc6
3. Nc3  g6  4. d4
cxd4  5. Nxd4  Bg7
6. Nde2  Nf6  7. g3
b5  8. Bg2  Rb8
9. O-O  d6  10. h3  h5
11. Bg5  Bd7  12. Nd5
Nh7  13. Be3  Bxb2
14. Rb1  Bg7  15. f4
O-O  16. f5  e5
17. Qd2  Na5  18. Bh6  Nc4
19. Qc1  g5  20. Bxg7
Kxg7  21. f6+  Kh8
22. g4  h4  23. Kh2
Be6  24. Ng1  Bxd5
25. exd5  Rg8  26. Rf5
Rg6  27. Rb3  Rxf6
28. Rbf3  Rxf5  29. Rxf5
f6  30. Nf3  Qb6
31. Nxh4  gxh4  32. Qh6
Qe3  33. Qg6  Rg8
34. Qf7  Qg3+  35. Kh1
Ne3  0-1

[Event "MCR mladeze, Kouty 2018 - H16"]
[Site "Kouty nad Desnou"]
[Date "2018.03.13"]
[Round "5"]
[White "Sprenar, Petr"]
[Black "Riha, Vojtech"]
[Result "1/2-1/2"]
[WhiteElo "2191"]
[BlackElo "2097"]
[EventDate "2018.03.10"]

1. d4 Nf6 2. c4 c5 3. d5 e6 4. Nc3 exd5 5. cxd5 d6 6. g3 g6 7. Bg2 Bg7 8. Nf3 a6
9. a4 O-O 10. O-O Re8 11. Bf4 Qe7 12. Re1 Nbd7 13. e4 Ng4 14. Qc2 Rb8 15. a5 Nde5
16. Nxe5 Nxe5 17. Nd1 g5 18. Bd2 Qf6 19. Bc3 h5 20. Ne3 Qg6 21. Rab1 Bd7 22. b4
cxb4 23. Bxe5 Bxe5 24. Rxb4 Bb5 25. Rc1 g4 26. Bf1 Bxf1 27. Kxf1 Qg5 28. Nf5 Rbc8
29. Qxc8 Rxc8 30. Rxc8+ Kh7 31. Rxb7 Qd2 32. Ne3 Bd4 33. Rxf7+ Kg6 34. Rcc7 Qd3+
35. Kg1 Bxe3 36. fxe3 Qxe3+ 37. Kf1 Qd3+ 38. Kg1 Qe3+ 39. Kf1 Qxe4 40. Rg7+ Kh6
41. Rh7+ 1/2-1/2

[Event "MCR mladeze, Kouty 2018 - H16"]
[Site "Kouty nad Desnou"]
[Date "2018.03.13"]
[Round "5"]
[White "Vorisek, Jakub"]
[Black "Ludvik, Tomas"]
[Result "1-0"]
[WhiteElo "2083"]
[BlackElo "2115"]
[EventDate "2018.03.10"]

1. e4  e6  2. d4  d5
3. Nc3  Bb4  4. e5
c5  5. Bd2  Ne7
6. Nb5  Bxd2+  7. Qxd2  O-O
8. f4  a6  9. Nd6
cxd4  10. Nf3  Nbc6
11. Bd3  Qb6  12. O-O
Nb4  13. a3  Nxd3
14. Qxd3  h6  15. Qxd4
Qxd4+  16. Nxd4  Rb8
17. Rf3  Bd7  18. Rb3
b6  19. Rc3  Nc8
20. Nxc8  Rfxc8  21. Rxc8+
Rxc8  22. Kf2  Kf8
23. Ke3  Ke7  24. Rd1
Ba4  25. b3  Bd7
26. h4  f6  27. g3
fxe5  28. fxe5  Be8
29. Rf1  Bg6  30. Kd2
Rc7  31. Rf3  Rc5
32. Rc3  Kd7  33. b4
Rxc3  34. Kxc3  Bh5
35. Kd2  Bg4  36. Ke3
Bh5  37. Kf4  Bd1
38. Ke3  Bh5  39. a4
Bg4  40. a5  bxa5
41. bxa5  Bd1  42. Kd2
Bg4  43. Kc3  Kc7
44. Kb4  Kb7  45. Kc5
Kc7  46. c3  Bh3
47. Ne2  Bf5  48. Nf4
Bg4  49. Ng2  Bf3
50. Ne3  Be2  51. Nc2
Bf1  52. Nd4  Bh3
53. Kb4  Bg4  54. Nb3
Kb7  55. Nc5+  Ka7
56. Ka3  Bf5  57. Kb2
g5  58. hxg5  hxg5
59. Kc1  Bg4  60. Kd2
Bf5  61. Ke3  Bg4
62. Kf2  Bh3  63. Kf3
Bf5  64. g4  Bc2
65. Nxe6  Kb7  66. Nxg5
Kc6  67. Ne6  1-0

[Event "MCR mladeze, Kouty 2018 - H16"]
[Site "Kouty nad Desnou"]
[Date "2018.03.13"]
[Round "5"]
[White "Bulockin, Martin"]
[Black "Zvolensky, David"]
[Result "1/2-1/2"]
[WhiteElo "2099"]
[BlackElo "1928"]
[EventDate "2018.03.10"]

1. e4  e5  2. Nc3  Nf6
3. f4  d5  4. fxe5
Nxe4  5. Nf3  Be7
6. Qe2  Nxc3  7. dxc3
c5  8. Bf4  Nc6
9. O-O-O  Be6  10. Qd2  Qa5
11. Kb1  h6  12. h4
O-O-O  13. Be2  d4
14. c4  Qa6  15. Qd3
Nb4  16. Qb3  Bd7
17. Ne1  g5  18. Bg3
Nc6  19. Qb5  gxh4
20. Qxa6  bxa6  21. Bxh4
Bxh4  22. Rxh4  Nxe5
23. Nd3  Nxd3  24. Bxd3
Rdg8  25. Be4  Rg4
26. Rdh1  Re8  27. Rxg4
Bxg4  28. Bd3  Re5
29. b4  1/2-1/2

[Event "MCR mladeze, Kouty 2018 - H16"]
[Site "Kouty nad Desnou"]
[Date "2018.03.13"]
[Round "5"]
[White "Gloser, David"]
[Black "Svanda, Ondrej"]
[Result "1/2-1/2"]
[WhiteElo "2067"]
[BlackElo "2057"]
[EventDate "2018.03.10"]

1. e4  c5  2. Ne2  Nf6
3. Nbc3  d6  4. g3
g6  5. Bg2  Bg7
6. d3  O-O  7. O-O  Nc6
8. h3  Rb8  9. f4
Nd7  10. f5  Nde5
11. Bg5  h6  12. Be3
Kh7  13. Qd2  e6
14. f6  Bxf6  15. Bxh6
Bg7  16. Be3  b5
17. Rf4  b4  18. Na4
f6  19. Rf2  Ba6
20. b3  Bb5  21. d4
cxd4  22. Nxd4  Nxd4
23. Bxd4  Bxa4  24. bxa4
Qa5  25. a3  Nc6
26. axb4  Qxb4  27. Bc3
Qc5  28. Kh2  Bh6
29. Qe1  e5  30. Bd2
Bxd2  31. Qxd2  Nd4
32. Raf1  Kg7  33. c3
Nb3  34. Qd1  Na5
35. Qg4  Rf7  36. h4
Qc8  37. Qd1  Qxc3
38. Qxd6  Rb6  39. Qd1
Nc4  40. Qc1  Qxc1
41. Rxc1  Rb4  42. Bh3
Nd6  43. Be6  Re7
44. Bd5  Nxe4  45. Bxe4
Rxe4  46. Rc6  f5
47. a5  Ra4  48. a6
e4  49. Kg2  Rf7
50. Rb2  Rd4  51. Kf2
Rdd7  52. Ke3  Rfe7
53. Rb3  Kf7  54. Ra3
Re6  55. Rac3  Kf6
56. g4  Rdd6  57. g5+
Ke5  58. R3c5+  Rd5
59. Rxe6+  Kxe6  60. Rc7
Rd3+  61. Ke2  Rd7
62. Rb7 Kd6 1/2-1/2